000 01014nam a2200289 a 4500
001 28414
003 BD-RjUL
005 20211209051259.0
008 970313r19511942enk 000 0 eng u
035 _a(BD-RjUL)28495
040 _aOUN
_dOCL
_dEQO
_beng
_cBD-RjUL
041 _aeng
082 _a973.08
_bSPE V-3 1951
100 1 _aBirley, Robert,
_d1903-1982.
_987000
245 1 0 _aSpeeches and documents in American history /
_cselected and edited by Robert Birley
_nVOLUME III.
_p1986-1913.
260 _aLondon :
_bGeoffrey Cumberledge, Oxford University Press,
_c1951
300 _axxiv ,320 p. :
_c15 cm
_bill. ;
490 1 _aWorld's classics ;
_v488-491
504 _aIncludes indexes
505 0 _aI. 1776-1815.--II. 1818-1865.--III. 1865-1913.--IV. 1914-1939
650 0 _aSpeeches, addresses, etc., American
_987001
651 0 _aUnited States
_xPolitics and government
_987002
830 0 _v488-491
_987010
830 0 _aWorld's classics ;
_987011
942 _2ddc
_cBK
999 _c28414
_d28414